[Event "Terrassa op-B"]
[Site "Terrassa"]
[Date "1996.??.??"]
[Round "6"]
[White "Colom Andres, Xavier"]
[Black "Garcia Pelaez, JC."]
[Result "1-0"]
[WhiteElo "2045"]
[BlackElo "1945"]
[PlyCount "65"]
[EventDate "1996.07.??"]
[EventType "swiss"]
[EventRounds "9"]
[EventCountry "ESP"]
[SourceTitle "EXT 2002"]
[Source "ChessBase"]
[SourceDate "2001.11.25"]
[SourceVersion "1"]
[SourceVersionDate "2001.11.25"]
[SourceQuality "1"]

1. d4 Nf6 2. Bf4 g6 3. e3 Bg7 4. Nf3 d6 5. h3 0-0 6. c3 Nbd7 7. Bd3 c5 8. 0-0 b6 9. Nbd2 Bb7 10. Re1 Nd5 11. Bg3 Nc7 12. Qe2 Ne6 13. Rad1 Rc8 14. Ne4 Rc7 15. Bh4 a5 16. Nxd6 Bc6 17. Nb5 Rb7 18. c4 Bxb5 19. cxb5 Re8 20. Be4 Rb8 21. Bg3 Ra8 22. Bxa8 Qxa8 23. Ne5 Nb8 24. d5 Ng5 25. Qg4 h6 26. h4 Nh7 27. Nc6 Nf6 28. Qf3 Nbd7 29. d6 exd6 30. Rxd6 Kh7 31. Red1 Qc8 32. h5 Rf8 33. e4 1-0

[Event "Terrassa op-B"]
[Site "Terrassa"]
[Date "1996.??.??"]
[Round "5"]
[White "Garcia Pelaez, JC."]
[Black "Seto Marso, Jordi"]
[Result "1/2-1/2"]
[WhiteElo "1945"]
[BlackElo "2020"]
[PlyCount "68"]
[EventDate "1996.07.??"]
[EventType "swiss"]
[EventRounds "9"]
[EventCountry "ESP"]
[SourceTitle "EXT 2002"]
[Source "ChessBase"]
[SourceDate "2001.11.25"]
[SourceVersion "1"]
[SourceVersionDate "2001.11.25"]
[SourceQuality "1"]

1. e4 c5 2. Nf3 Nc6 3. d4 cxd4 4. Nxd4 Nf6 5. Nc3 e5 6. Ndb5 d6 7. Bg5 a6 8. Na3 b5 9. Bxf6 gxf6 10. Nd5 Bg7 11. Bd3 Ne7 12. c3 Nxd5 13. exd5 f5 14. Qh5 Qf6 15. 0-0 Bd7 16. Nc2 a5 17. f3 Rb8 18. Ne3 Qg6 19. Nxf5 Bxf5 20. Qxf5 Bh6 21. Rab1 Rg8 22. Qxg6 hxg6 23. Rfe1 f5 24. g3 Kf7 25. Kf2 Rh8 26. Rh1 Rhc8 27. Be2 Bg5 28. h4 Bd8 29. h5 Bb6+ 30. Kg2 Be3 31. Rbe1 Rc5 32. Bd3 Bg5 33. Rd1 Kf6 34. Bc2 b4 1/2-1/2